Global village or global pillage : Economic reconstruction from the bottom up (Record no. 41362)

MARC details
000 -LEADER
fixed length control field 00368nam a2200133Ia 4500
082 ## - DEWEY DECIMAL CLASSIFICATION NUMBER
Classification number 338.246.88
Item number BRE
100 ## - MAIN ENTRY--AUTHOR NAME
Personal name Brecher, J
245 #0 - TITLE STATEMENT
Title Global village or global pillage : Economic reconstruction from the bottom up
260 ## - PUBLICATION, DISTRIBUTION, ETC. (IMPRINT)
Place of publication Boston
Year of publication 1994
650 ## - SUBJECT ADDED ENTRY--TOPICAL TERM
Topical Term Globalization
700 ## - ADDED ENTRY--PERSONAL NAME
Personal name Costello, T
942 ## - ADDED ENTRY ELEMENTS (KOHA)
Koha item type Books
Holdings
Withdrawn status Lost status Damaged status Not for loan Home library Current library Date acquired Cost, normal purchase price Full call number Accession Number Koha item type
        RRII Library RRII Library 16/12/2021 14.00 338.246.88 BRE 21649 Books